000 00396nam a2200169Ia 4500
005 20240808025304.0
008 240331s9999 xx 000 0 und d
020 _a
082 _bDUN
_a398.01
100 _aDundes, A
245 0 _aEssays in folklore theory and method
260 _aMadras
_bCre- A
_c1990
300 _a247 P .,
650 _aFolklore theory
650 _aCulture
942 _cL
999 _c2959
_d2959